01377nam a2200277 a 4500001001000000005001700010008004100027041000800068044000700076084002000083100004500103245008800148260005500236300001700291500018800308500005500496500016000551500011700711500001000828546002400838650005200862650005600914650003400970650004501004740005001049BRCA_289720190320204023.0111208s1850----gw-#---###---#000-0#ger-u ager agw a288b.M48c18501 aCervantes Saavedra, Miguel ded1547-161610aDer Sinnreiche Junker Don Quixote von der Manchacvon Miguel de Cervantes Saavedra. aStuttgartbJ. B. Metzler´schen Buchhandlungc1850 a2 v.c15 cm. aContenido : v 1. Primera parte. Dedicatoria del autor. Prólogo del autor. Versos preliminares. Texto. -- v 2. Texto. Segunda parte. Dedicatoria del autor. Prólogo del autor. Texto aEdición : Aus dem spanischen von Adelbert Keller aSegunda edición de la traducción de A. Keller, copia de la primera del año 1839. Tela; lomeras y tapas decoradas con adornos dorados Lúdovik Osterc aEstado físico : El volúmen 1 presenta la cubierta, lomo y primeras hojas desprendidas de la encuadernación aQM519 aTexto en : alemán14aNovela españolayÉpoca clásica, 1500-170014aLiteratura españolayÉpoca clásica, 1500-170014aNovela españolaySiglo XVII14aDon Quijote (Personaje ficticio)eNovela0 aEl Ingenioso Hidalgo Don Quijote de la Mancha